| 000 | 00629nam a2200217Ia 4500 | ||
|---|---|---|---|
| 005 | 20220713150521.0 | ||
| 008 | 131103s9999 xx 000 0 und d | ||
| 020 |
_a817023835 8 _cRs 300 |
||
| 040 | _aLoreto College | ||
| 041 | _aEnglish | ||
| 082 |
_a307.72 _bSAU |
||
| 245 |
_aRural development _cedited by Sachinandan Sau |
||
| 260 |
_aNew Delhi _bAllied Publishers Ltd _c1999 |
||
| 300 |
_axxxii,196 p. _b ill.,fig.,tables |
||
| 504 | _aIncludes bibliographical references and index | ||
| 650 | _aEconomics | ||
| 651 | _aIndia - Economic Conditions | ||
| 700 | _aSau, Sachinandan,ed. | ||
| 850 | _aLCLIB | ||
| 942 | _cBK | ||
| 999 |
_c3114 _d53593 |
||